| 000 | 01308cam a2200373 a 4500 | ||
|---|---|---|---|
| 001 | 5902 | ||
| 003 | FISKH | ||
| 005 | 20250828155753.0 | ||
| 008 | 100406r20112010nyua a 000 1 eng | ||
| 010 | _a 2010009361 | ||
| 020 | _a9780375867866 (hardcover) | ||
| 020 | _a9780375967863 (library binding) | ||
| 020 | _a9780545450171 | ||
| 040 |
_aDLC _cDLC _dDLC _beng |
||
| 050 | _aPZ10.N12 S | ||
| 082 | _a823.92 | ||
| 100 | 1 | _aNa, Il Sung. | |
| 245 | 1 | 0 |
_aSnow rabbit, spring rabbit : _bA book of changing seasons / _cIl Sung Na |
| 250 | _aFirst Scholastic printing, January 2012 | ||
| 260 |
_aNew York : _bScholastic, _c2010. |
||
| 300 |
_a24 unnumbered pages : _bcolor illustrations ; _c23 cm |
||
| 500 | _a"Originally published in slightly different form in Great Britain as Brrrr: A Book of Winter by Meadowside Children's Books, London, in 2010." | ||
| 505 | _aA | ||
| 520 | _aWhile other animals migrate, hibernate, or stay busy all winter, a little white rabbit watches. | ||
| 521 | 8 |
_a70
_bLexile estimate |
|
| 521 | 8 |
_aA
_bRaz-Plus |
|
| 650 | 0 |
_aRabbits _vJuvenile fiction. |
|
| 650 | 1 |
_aRabbits _vFiction. |
|
| 650 | 1 |
_aWinter _vFiction. |
|
| 650 | 1 |
_aAnimals _vFiction. |
|
| 906 |
_a7 _bcbc _corignew _d1 _eecip _f20 _gy-gencatlg |
||
| 942 |
_2ddc _cBK _n0 |
||
| 999 |
_c5902 _d5902 |
||